00582 2200169 4500245003600000020002200036250001200058100002100070700002100091650001700112005001900129260004200148041001400190084000800204300002300212500017700235 aEclipsecMeyer, StepheniehText a978-979-22-4052-7 aCet. 10 aMeyer, Stephenie aRosi L. Simamora aNovel Remaja a20231011113553 aJakartabGramedia Pustaka Utamac2008 aIndonesia a823 a688 hlm :b20 cm ; aBella yakin ia hanya mencintai Edward. Tapi benarkah begitu? Sebab sekali ino Jacob takkan tinggal diam; ia akan membuktikan kepada Bella, bahwa gadis itu juga mencintainya